Movie Title Slot Machine Quiz Stats

Quiz Updated Mar 21, 2018

Challenge
Share
Tweet
Score 0/165 Timer 15:00
0 Plays Today
Heading answer % Correct
Easy - Word 1Beverly Hills Cop
99.2%
Easy - Word 2Beverly Hills Cop
99.2%
Easy - Word 3Beverly Hills Cop
99.2%
Easy - Word 1Dances With Wolves
98.9%
Easy - Word 2Dances With Wolves
98.9%
Easy - Word 3Dances With Wolves
98.9%
Easy - Word 1Kramer vs. Kramer
98.3%
Easy - Word 2Kramer vs. Kramer
98.3%
Easy - Word 3Kramer vs. Kramer
98.3%
Easy - Word 1West Side Story
98.3%
Easy - Word 2West Side Story
98.3%
Easy - Word 3West Side Story
98.3%
Easy - Word 1Tora! Tora! Tora!
98.3%
Easy - Word 2Tora! Tora! Tora!
98.3%
Easy - Word 3Tora! Tora! Tora!
98.3%
Easy - Word 1North by Northwest
98.1%
Easy - Word 2North by Northwest
98.1%
Easy - Word 3North by Northwest
98.1%
Easy - Word 1Swiss Family Robinson
98%
Easy - Word 2Swiss Family Robinson
98%
Easy - Word 3Swiss Family Robinson
98%
Medium - Word 1Breakfast at Tiffany's
96.7%
Medium - Word 2Breakfast at Tiffany's
96.7%
Medium - Word 3Breakfast at Tiffany's
96.7%
Medium - Word 1Being John Malkovich
93.7%
Medium - Word 2Being John Malkovich
93.7%
Medium - Word 3Being John Malkovich
93.7%
Medium - Word 1Good Morning, Vietnam
93.6%
Medium - Word 2Good Morning, Vietnam
93.6%
Medium - Word 3Good Morning, Vietnam
93.6%
Medium - Word 1Dead Poet's Society
93.6%
Medium - Word 2Dead Poets Society
93.6%
Medium - Word 3Dead Poet's Society
93.6%
Medium - Word 1Boys Don't Cry
93.5%
Medium - Word 2Boys Don't Cry
93.5%
Medium - Word 3Boys Don't Cry
93.5%
Medium - Word 1Yankee Doodle Dandy
93.4%
Medium - Word 2Yankee Doodle Dandy
93.4%
Medium - Word 3Yankee Doodle Dandy
93.4%
Medium - Word 1Driving Miss Daisy
93.3%
Medium - Word 2Driving Miss Daisy
93.3%
Medium - Word 3Driving Miss Daisy
93.3%
Medium - Word 1Pee-wee's Big Adventure
92.5%
Medium - Word 2Pee-wee's Big Adventure
92.5%
Medium - Word 3Pee-wee's Big Adventure
92.5%
Medium - Word 1American History X
91.9%
Medium - Word 2American History X
91.9%
Medium - Word 3American History X
91.9%
Medium - Word 1Gentlemen Prefer Blondes
89.3%
Medium - Word 2Gentlemen Prefer Blondes
89.3%
Medium - Word 3Gentlemen Prefer Blondes
89.3%
Medium - Word 1Grosse Pointe Blank
86.4%
Medium - Word 2Grosse Pointe Blank
86.4%
Medium - Word 3Grosse Pointe Blank
86.4%
Medium - Word 1Five Easy Pieces
85.8%
Heading answer % Correct
Medium - Word 2Five Easy Pieces
85.8%
Medium - Word 3Five Easy Pieces
85.8%
Medium - Word 1Butterflies are Free
85.7%
Medium - Word 2Butterflies are Free
85.7%
Medium - Word 3Butterflies are Free
85.7%
Medium - Word 1Glengarry Glen Ross
85.7%
Medium - Word 2Glengarry Glen Ross
85.7%
Medium - Word 3Glengarry Glen Ross
85.7%
Medium - Word 1Torch Song Trilogy
83.4%
Medium - Word 2Torch Song Trilogy
83.4%
Medium - Word 3Torch Song Trilogy
83.4%
Tough - Word 1Leaving Las Vegas
76.5%
Tough - Word 2Leaving Las Vegas
76.5%
Tough - Word 3Leaving Las Vegas
76.5%
Tough - Word 1Cool Hand Luke
73.3%
Tough - Word 2Cool Hand Luke
73.3%
Tough - Word 3Cool Hand Luke
73.3%
Tough - Word 1Full Metal Jacket
72.4%
Tough - Word 2Full Metal Jacket
72.4%
Tough - Word 3Full Metal Jacket
72.4%
Tough - Word 1Mr. Holland's Opus
69.2%
Tough - Word 2Mr. Holland's Opus
69.2%
Tough - Word 3Mr. Holland's Opus
69.2%
Tough - Word 1Coal Miner's Daughter
67.1%
Tough - Word 2Coal Miner's Daughter
67.1%
Tough - Word 3Coal Miner's Daughter
67.1%
Tough - Word 1Dead Man Walking
65.7%
Tough - Word 2Dead Man Walking
65.7%
Tough - Word 3Dead Man Walking
65.7%
Tough - Word 1Dog Day Afternoon
64.1%
Tough - Word 2Dog Day Afternoon
64.1%
Tough - Word 3Dog Day Afternoon
64.1%
Tough - Word 1Stranger Than Fiction
63.5%
Tough - Word 2Stranger Than Fiction
63.5%
Tough - Word 3Stranger Than Fiction
63.5%
Tough - Word 1Heaven Can Wait
58.8%
Tough - Word 2Heaven Can Wait
58.8%
Tough - Word 3Heaven Can Wait
58.8%
Tough - Word 1Death Becomes Her
58.5%
Tough - Word 2Death Becomes Her
58.5%
Tough - Word 3Death Becomes Her
58.5%
Tough - Word 1Courage Under Fire
56.9%
Tough - Word 2Courage Under Fire
56.9%
Tough - Word 3Courage Under Fire
56.9%
Tough - Word 1All That Jazz
54.7%
Tough - Word 2All That Jazz
54.7%
Tough - Word 3All That Jazz
54.7%
Tough - Word 1On Golden Pond
51.8%
Tough - Word 2On Golden Pond
51.8%
Tough - Word 3On Golden Pond
51.8%
Tough - Word 1Meet John Doe
51.2%
Tough - Word 2Meet John Doe
51.2%
Tough - Word 3Meet John Doe
51.2%
Tough - Word 1Lean on Me
51.1%
Tough - Word 2Lean on Me
51.1%
Heading answer % Correct
Tough - Word 3Lean on Me
51.1%
Tough - Word 1Bringing Up Baby
50.8%
Tough - Word 2Bringing Up Baby
50.8%
Tough - Word 3Bringing Up Baby
50.8%
Tough - Word 1Bullets Over Broadway
50%
Tough - Word 2Bullets Over Broadway
50%
Tough - Word 3Bullets Over Broadway
50%
Tough - Word 1Fly Away Home
49.4%
Tough - Word 2Fly Away Home
49.4%
Tough - Word 3Fly Away Home
49.4%
Tough - Word 1My Left Foot
44.7%
Tough - Word 2My Left Foot
44.7%
Tough - Word 3My Left Foot
44.7%
Tough - Word 1Manhattan Murder Mystery
42.2%
Tough - Word 2Manhattan Murder Mystery
42.2%
Tough - Word 3Manhattan Murder Mystery
42.2%
Tough - Word 1Goodbye, Mr. Chips
41.2%
Tough - Word 2Goodbye, Mr. Chips
41.2%
Tough - Word 3Goodbye, Mr. Chips
41.2%
Tough - Word 1Where Eagles Dare
40.3%
Tough - Word 2Where Eagles Dare
40.3%
Tough - Word 3Where Eagles Dare
40.3%
Tough - Word 1In Cold Blood
39.7%
Tough - Word 2In Cold Blood
39.7%
Tough - Word 3In Cold Blood
39.7%
Tough - Word 1His Girl Friday
39.6%
Tough - Word 2His Girl Friday
39.6%
Tough - Word 3His Girl Friday
39.6%
Tough - Word 1Never Cry Wolf
39.5%
Tough - Word 2Never Cry Wolf
39.5%
Tough - Word 3Never Cry Wolf
39.5%
Tough - Word 1High Plains Drifter
38.1%
Tough - Word 2High Plains Drifter
38.1%
Tough - Word 3High Plains Drifter
38.1%
Tough - Word 1Wait Until Dark
37.7%
Tough - Word 2Wait Until Dark
37.7%
Tough - Word 3Wait Until Dark
37.7%
Tough - Word 1Sorry, Wrong Number
37.1%
Tough - Word 2Sorry, Wrong Number
37.1%
Tough - Word 3Sorry, Wrong Number
37.1%
Tough - Word 1Suddenly, Last Summer
31.9%
Tough - Word 2Suddenly, Last Summer
31.9%
Tough - Word 3Suddenly, Last Summer
31.9%
Tough - Word 1This Boy's Life
30.4%
Tough - Word 2This Boy's Life
30.4%
Tough - Word 3This Boy's Life
30.4%
Tough - Word 1Little Big Man
30.2%
Tough - Word 2Little Big Man
30.2%
Tough - Word 3Little Big Man
30.2%
Tough - Word 1Broadway Danny Rose
28%
Tough - Word 2Broadway Danny Rose
28%
Tough - Word 3Broadway Danny Rose
28%
Tough - Word 1Some Came Running
25.8%
Tough - Word 2Some Came Running
25.8%
Tough - Word 3Some Came Running
25.8%

You're not logged in!

Compare scores with friends on all Sporcle quizzes.
Join for Free
OR
Log In

You Might Also Like...

Show Comments

Extras

Top Quizzes Today


Score Distribution

Your Account Isn't Verified!

In order to create a playlist on Sporcle, you need to verify the email address you used during registration. Go to your Sporcle Settings to finish the process.

Report this User

Report this user for behavior that violates our Community Guidelines.

Details: